Statistiques concernant Pays de l'hémisphère sud

Cliquez ici pour prendre le quiz!

Statistiques générales

  • Ce quiz a été pris 22 866 fois
  • Le résultat moyen est 37 sur 48

Statistiques - réponses

Pays% Correct
Brésil
98%
Argentine
97%
Afrique du Sud
96%
Australie
96%
Chili
95%
Uruguay
94%
Paraguay
93%
Pérou
92%
Nouvelle-Zélande
91%
Bolivie
90%
Équateur
89%
R. D. Congo
89%
Colombie
88%
Indonésie
88%
République du Congo
88%
Zimbabwe
82%
Madagascar
81%
Angola
80%
Lesotho
80%
Zambie
80%
Namibie
78%
Tanzanie
78%
Fidji
77%
Kenya
77%
Mozambique
75%
Rwanda
74%
Eswatini
73%
Botswana
72%
Papouasie-Nouvelle-
Guinée
71%
Tonga
69%
Burundi
67%
Ouganda
67%
Samoa
67%
Vanuatu
67%
Gabon
66%
Seychelles
66%
Tuvalu
66%
Comores
65%
Île Maurice
64%
Malawi
64%
Salomon
61%
Timor oriental
61%
Nauru
60%
Somalie
60%
Guinée équatoriale
59%
Kiribati
59%
Maldives
54%
Sao Tomé-et-Principe
53%

Distribution des résultats

Percentile par nombre de réponses

% des personnes avec chaque résultat

Votre développement - résultats

Vous n’avez pas pris ce quiz